000 01240cam a22002775a 4500
001 L136488
008 070202s2006 xxk f 000 0 eng u
020 _a1903987156
035 _a(Sirsi) u136488
041 0 _aeng
050 0 4 _a346.410482 $2 18
100 1 _aStokes, Simon
245 _aArtist's resale right
_blaw and practice
260 _aLeicester
_bIAL
_c2006
300 _aix, 86p.
_c24cm
350 _a17
505 2 _aWhat is droit de suite -- The path to European harmonisation -- The Directive -- Implementation of the Directive in the UK: The Artist's Resale Right Regulations 2006 -- Practical Issues -- International aspects -- Conclusion
520 _aExplores the right of artists to share in the resale proceeds of their works. Considers the background to the right and the 2001/84/EC Directive of September 2001, with an examination of the UK implementing law. Analyses the implementation of the right in a number of EU states and concludes by discussing its future.
590 _aKA
650 2 4 _aARTIST'S RESALE RIGHT REGULATIONS 2006
650 2 4 _aDIRECTIVE 2001/84/EC
651 4 _aUnited Kingdom
_y
690 _aArts and antiques
_96217
710 2 _aInstitute of Art and Law
_92984
942 _n0
999 _c106407
_d106407